Vydali nového cyklosprievodcu južným Spišom pripravujú aktuálnu cyklomapu

Bibliographic Details
Format: Article
Language:Slovak
PhysicalDescription:Fotogr.
ISSN:1338-659X
Subjects:

MARC

LEADER 00000nab a2200000 ar4500
001 vtls010964692
003 SK-MaSNL
005 20260305040149.0
008 151009c20140410xo mr|p|||||||000 b|slo
038 |a SNSK 
040 |b slo  |c SNSK  |e AACR2 
041 |a slo 
044 |a xo  |c SK 
080 |a 625.711.4  |x (437.672.121.142)  |2 2001 
080 |a 912.43  |x (437.672.121.142)  |2 2001 
245 0 0 |a Vydali nového cyklosprievodcu južným Spišom  |b pripravujú aktuálnu cyklomapu  |c [autor] (sita) 
300 |b Fotogr. 
610 2 7 |a Oblastná organizácia cestovného ruchu Spiš (Spišská Nová Ves, Slovensko)  |2 snsk  |9 1304270 
650 0 7 |a cyklotrasy  |2 snsk  |9 87011 
651 7 |a Spiš (Slovensko : región)  |2 snsk  |9 17692 
651 7 |a Spišská Nová Ves (Slovensko : okres)  |2 snsk  |9 22259 
655 7 |a cyklomapy  |2 snsk  |9 1619568 
773 0 |t Korzár : denník Košického kraja  |g Roč. XVII., č. 84 (10.4.2014), s. 5  |x 1338-659X 
852 |a SNSK  |b KIS3GCP 
999 |c 3336985  |d 3338915